000 01565nam a2200385 a 4500
999 _c171654
_d171654
003 BLK
005 20250329154943.0
008 180411b bul|||||r ||||||| ||bul||
010 _aKNG00179936000
040 _aBLK
041 _aBUL
_cBUL
080 _aБългарска литература
_b821.163.2
_x-94
_z821.163.2-94
080 _aИстория на България
_b94(497.2)
_x(093)
_z94(497.2)(093)
100 _aПаисий Хилендарски
_d1722-1773
_gНароден будител
_qХадживълчев, Пенко (Петър) Михаилов
_9251543
139 _aПаисий Хилендарски
_bП 14
245 1 0 _aСлавянобългарска история
_cПаисий Хилендарски; с предг. от Петър Николов Динеков.
250 _a12. изд.
257 _aBGR
260 _aСофия
_bБълг. писател
_c1973
300 _a115 с.
_c20 см
380 _aX
490 _aБиблиотека за ученика
_9201322
500 _a1. изд. 1960. - 40 100 тир. - Библиогр. с. 107-111.
650 0 _aБългария - история - извори
_9254752
653 _aбългарска история
653 _aизвори
700 1 _aДинеков, Петър Николов
_eс предг. от
_9363799
852 _aЦб 69771
856 4 _qpdf
856 4 _qpdf
942 _cKNG
_n0
_s1
944 _aCR
_c17.08.2015
_k30560
_lГеновева Генчева
944 _aED
_c2022-08-10
_kир
999 _d171654